[Event "Thüringenliga 2014/2015"]
[Site "?"]
[Date "2014.10.26"]
[Round "3"]
[White "Hentrich, Jörg"]
[Black "Fischer, Dennis"]
[Result "1-0"]
[WhiteElo "1755"]
[BlackElo "1865"]
[PlyCount "145"]
[EventDate "2014.??.??"]
[WhiteTeam "SV Ammern"]
[BlackTeam "SV Medizin Erfurt"]

1. e4 g6 2. d4 Bg7 3. Bc4 d6 4. Nf3 Nf6 5. Nc3 c6 6. O-O b5 7. Bd3 O-O 8. e5
dxe5 9. dxe5 Nd5 10. Nxd5 Qxd5 11. Bf4 Na6 12. Be2 Nc7 13. Nd4 Bb7 14. Bf3 Qc5
15. c3 Nd5 16. Bg3 Rad8 17. Qe2 Qb6 18. Rad1 Ba6 19. Qc2 e6 20. Rfe1 c5 21. Ne2
Bb7 22. Bh4 Rde8 23. Ng3 h6 24. Bxd5 exd5 25. f4 Qe6 26. Nf1 Qg4 27. Bg3 Qe6
28. Bf2 Qc6 29. Ne3 f5 30. Nxd5 Qe6 31. Qb3 Kh8 32. Bxc5 Rf7 33. Ne3 Qxb3 34.
axb3 g5 35. g3 gxf4 36. gxf4 Be4 37. Ra1 Rg8 38. Kf2 Rd8 39. Bd4 h5 40. Rg1 Kh7
41. e6 Re7 42. Rxg7+ Rxg7 43. Bxg7 Kxg7 44. e7 Ra8 45. Rxa7 Re8 46. Kg3 Kf7 47.
Kh4 Kg6 48. c4 Kf7 49. Nd5 Rb8 50. Nc7 Kxe7 51. Nxb5+ Kf6 52. Ra6+ Kg7 53. Kg5
Kf7 54. Nd4 Rg8+ 55. Kxh5 Rd8 56. Nb5 Rg8 57. Nd4 Rd8 58. Ne6 Rh8+ 59. Kg5 Rxh2
60. b4 Bd3 61. Rc6 Rg2+ 62. Kh4 Rxb2 63. b5 Rb4 64. b6 Bxc4 65. Nd8+ Ke8 66.
Rd6 Ba6 67. Kg5 Bc8 68. Nc6 Rxb6 69. Rd8+ Kf7 70. Rxc8 Ke6 71. Nd4+ Kd5 72.
Nxf5 Ke4 73. Re8+ 1-0

[Event "Thüringenliga 2014/2015"]
[Site "?"]
[Date "2014.10.26"]
[Round "3"]
[White "Pähtz, Thomas"]
[Black "Neidig, Stefan"]
[Result "1-0"]
[WhiteElo "2297"]
[BlackElo "2154"]
[PlyCount "55"]
[EventDate "2014.??.??"]

1. e4 e5 2. Bc4 Nf6 3. d3 Nc6 4. Nf3 Be7 5. O-O O-O 6. Bb3 d6 7. c3 Bg4 8. h3
Bh5 9. Nbd2 Nd7 10. g4 Bg6 11. Bc2 Nb6 12. Re1 d5 13. Qe2 d4 14. Nf1 a5 15. a4
h6 16. Ng3 Bg5 17. Bxg5 hxg5 18. Nf5 dxc3 19. bxc3 f6 20. h4 gxh4 21. Kg2 Bf7
22. Rh1 g5 23. N3xh4 gxh4 24. Rxh4 Ne7 25. Rah1 Ng6 26. Rh8+ Nxh8 27. Rxh8+
Kxh8 28. Qe3 1-0

[Event "Thüringenliga 2014/2015"]
[Site "?"]
[Date "2014.10.26"]
[Round "3"]
[White "Middelhoff, Cornelius"]
[Black "Zehnter, Sebastian"]
[Result "1-0"]
[WhiteElo "2068"]
[BlackElo "2211"]
[PlyCount "51"]
[EventDate "2014.??.??"]

1. d4 Nf6 2. c4 c5 3. d5 e6 4. Nc3 exd5 5. cxd5 Bd6 6. e4 O-O 7. f4 Nxe4 8.
Nxe4 Re8 9. Qe2 Bc7 10. g4 b5 11. Bg2 d6 12. f5 Bb7 13. Bg5 Ba5+ 14. Kf2 Qd7
15. Rd1 Na6 16. Nh3 Nc7 17. Nf4 c4 18. Qf3 Bb6+ 19. Kg3 Re5 20. Nh5 Kh8 21. Qc3
Rae8 22. Bf4 Bxd5 23. Bxe5 Rxe5 24. Rhe1 f6 25. Nhxf6 gxf6 26. Nxf6 1-0

[Event "Thüringenliga 2014/2015"]
[Site "?"]
[Date "2014.10.26"]
[Round "3"]
[White "Mehlhorn, Uwe"]
[Black "Rohmeiß, Roberto"]
[Result "1/2-1/2"]
[WhiteElo "2093"]
[BlackElo "2041"]
[PlyCount "77"]
[EventDate "2014.??.??"]

1. e4 Nf6 2. e5 Nd5 3. d4 d6 4. c4 Nb6 5. exd6 cxd6 6. Nc3 g6 7. a4 a5 8. Be3
Bg7 9. Nf3 Bg4 10. h3 Bxf3 11. Qxf3 Nc6 12. Qd1 O-O 13. Be2 d5 14. c5 Nc8 15.
Nb5 e6 16. O-O N8e7 17. g4 Nb4 18. Bf4 Qd7 19. Bd6 Rfd8 20. Ra3 Nec6 21. f4 b6
22. Raf3 bxc5 23. Bxc5 Na6 24. b3 Nxc5 25. dxc5 Qe7 26. f5 Qxc5+ 27. Kh1 Nd4
28. Nxd4 Qxd4 29. fxg6 fxg6 30. Qe1 Qb6 31. Qh4 Rf8 32. Bb5 Rxf3 33. Rxf3 Qc7
34. Qe1 e5 35. Rd3 Rd8 36. Rxd5 Rxd5 37. Bc4 Qc5 38. Qe4 Kf8 39. Qxd5 1/2-1/2

[Event "Thüringenliga 2014/2015"]
[Site "?"]
[Date "2014.10.26"]
[Round "3"]
[White "Maiwald, Harald"]
[Black "Töpfer, Albrecht"]
[Result "1-0"]
[WhiteElo "1960"]
[BlackElo "1998"]
[PlyCount "65"]
[EventDate "2014.??.??"]

1. e4 c5 2. Nf3 Nc6 3. Bb5 Nd4 4. Bd3 d5 5. c3 Nc6 6. O-O Bg4 7. Qb3 c4 8. Qxb7
Na5 9. Qb5+ Bd7 10. Qxd5 Nf6 11. Qd4 cxd3 12. Qxd3 Qc7 13. Re1 e5 14. Qe2 Rc8
15. d4 exd4 16. e5 d3 17. Qxd3 Ng4 18. h3 Nh6 19. Bf4 Be6 20. Qb5+ Nc6 21. Nbd2
Nf5 22. g4 Nfe7 23. Ne4 Ng6 24. Bg3 Be7 25. Nd6+ Bxd6 26. exd6 Qd7 27. Qh5 O-O
28. Ng5 Rfe8 29. Qxh7+ Kf8 30. Ne4 Na5 31. Be5 f6 32. Bxf6 gxf6 33. Qxg6 1-0

[Event "Thüringenliga 2014/2015"]
[Site "?"]
[Date "2014.10.26"]
[Round "3"]
[White "Rempel, Patrick"]
[Black "Goemann, Jens"]
[Result "0-1"]
[WhiteElo "2020"]
[BlackElo "2082"]
[PlyCount "112"]
[EventDate "2014.??.??"]

1. c4 Nf6 2. d4 g6 3. Nc3 Bg7 4. e4 d6 5. Be2 O-O 6. Bg5 Na6 7. Qd2 e5 8. Nf3
exd4 9. Nxd4 Qe8 10. f3 Qe5 11. O-O-O Be6 12. Nb3 Nc5 13. Nd4 Na6 14. f4 Qc5
15. Nb3 Qb4 16. Qc2 Bxc4 17. Bxc4 Qxc4 18. Rd4 Qc6 19. Re1 Rfe8 20. a3 Nc5 21.
Nxc5 Qxc5 22. Rdd1 Rab8 23. Kb1 b5 24. Bxf6 Bxf6 25. Nd5 Qxc2+ 26. Kxc2 Bg7 27.
Kb3 c5 28. g4 a5 29. g5 Kf8 30. Nf6 Bxf6 31. gxf6 Re6 32. e5 dxe5 33. fxe5 a4+
34. Kc3 b4+ 35. Kc4 bxa3 36. bxa3 Rb3 37. Kxc5 Rxa3 38. Kb4 Ra2 39. h4 Rh2 40.
Rd4 h6 41. Ra1 Rxe5 42. Rxa4 Re6 43. Ra8+ Re8 44. Ra6 Rhe2 45. Kc4 R2e6 46.
Rxe6 Rxe6 47. Rd8+ Re8 48. Rd7 Kg8 49. Re7 Ra8 50. Kd5 Ra5+ 51. Kd6 Ra6+ 52.
Ke5 Kf8 53. h5 Ra5+ 54. Kd6 Rf5 55. hxg6 Rxf6+ 56. Kd7 fxg6 0-1

[Event "Thüringenliga 2014/2015"]
[Site "?"]
[Date "2014.10.26"]
[Round "3"]
[White "Carnot, Luca"]
[Black "Sukaylo, Aleksey"]
[Result "1/2-1/2"]
[WhiteElo "1631"]
[BlackElo "1937"]
[PlyCount "93"]
[EventDate "2014.??.??"]

1. Nf3 d5 2. g3 Nf6 3. Bg2 c6 4. O-O Bg4 5. d4 Nbd7 6. c3 e6 7. Nbd2 Bd6 8. Qe1
Bf5 9. Nh4 Bc2 10. e4 dxe4 11. Nxe4 Nxe4 12. Bxe4 Bxe4 13. Qxe4 O-O 14. Nf3 Qc7
15. Re1 Nf6 16. Qe2 h6 17. b3 Rfd8 18. Bb2 Qa5 19. Qc2 Ba3 20. Bxa3 Qxa3 21.
Ne5 Rac8 22. Nd3 b6 23. Rad1 Qe7 24. b4 Rd6 25. a3 Rcd8 26. Ne5 Qc7 27. Nd3 Nd7
28. Ne5 c5 29. Nc4 Rd5 30. Ne3 Rh5 31. dxc5 bxc5 32. Rd2 Nf6 33. Rxd8+ Qxd8 34.
Rd1 Qc7 35. Qd2 cxb4 36. Qd8+ Qxd8 37. Rxd8+ Kh7 38. cxb4 a5 39. Rb8 axb4 40.
axb4 Nd5 41. Nc4 Nc3 42. Nd6 Kg6 43. b5 Rd5 44. Rb6 f6 45. Rc6 Ne2+ 46. Kg2 Nd4
47. Ra6 1/2-1/2

[Event "Thüringenliga 2014/2015"]
[Site "?"]
[Date "2014.10.26"]
[Round "3"]
[White "Falk, Kristoffer"]
[Black "Schmidt, Matthias"]
[Result "1/2-1/2"]
[WhiteElo "1826"]
[BlackElo "1945"]
[PlyCount "33"]
[EventDate "2014.??.??"]

1. d4 Nf6 2. Nf3 g6 3. g3 Bg7 4. Bg2 O-O 5. c4 d5 6. O-O Nc6 7. Ne5 Nxe5 8.
dxe5 Ng4 9. cxd5 Nxe5 10. Nc3 c6 11. Qb3 cxd5 12. Bxd5 Nc6 13. Rd1 Qa5 14. Bd2
Qb4 15. Qxb4 Nxb4 16. Bg2 Nc6 17. Be3 1/2-1/2

[Event "Thüringenliga 2014/2015"]
[Site "?"]
[Date "2014.10.26"]
[Round "3"]
[White "Steiger, Jürgen"]
[Black "Leuner, Klaus"]
[Result "1-0"]
[WhiteElo "1929"]
[BlackElo "1882"]
[PlyCount "66"]
[EventDate "2014.??.??"]

1. e4 c5 2. Nc3 Nc6 3. g3 d6 4. Bg2 Nf6 5. Nge2 g6 6. O-O Bg7 7. d3 O-O 8. h3
e6 9. Be3 a6 10. d4 cxd4 11. Nxd4 Qc7 12. Qd2 Rb8 13. Rfd1 Rd8 14. a4 e5 15.
Nb3 Na5 16. Nxa5 Qxa5 17. Ba7 Ra8 18. Qe3 Rd7 19. Bb6 Qb4 20. a5 Qc4 21. Rd3
Bf8 22. Rad1 Qe6 23. Qd2 Ne8 24. Nd5 f6 25. Rc3 Rb8 26. Bf1 Kh8 27. g4 f5 28.
Bc4 fxg4 29. Ne3 Qf6 30. Nxg4 Qe7 31. Qd5 Qg7 32. Rf3 Re7 33. Qd2 Be6 {ZÜ} 1-0

[Event "Thüringenliga 2014/2015"]
[Site "?"]
[Date "2014.11.23"]
[Round "4"]
[White "Krüger, Rainer"]
[Black "Hoffmann, Tim"]
[Result "1-0"]
[WhiteElo "2071"]
[BlackElo "2007"]
[PlyCount "71"]
[EventDate "2014.??.??"]
[WhiteTeam "ESV Lok Sömmerda"]
[BlackTeam "ESV Gera"]

1. Nf3 Nf6 2. g3 b6 3. Bg2 Bb7 4. O-O e6 5. c4 Be7 6. Nc3 c5 7. d4 cxd4 8. Qxd4
Nc6 9. Qf4 a6 10. b3 d6 11. Rd1 Qc7 12. Ba3 Rd8 13. Rac1 Qb8 14. Ng5 O-O 15.
Nge4 Nxe4 16. Nxe4 d5 17. Qxb8 Rxb8 18. Bxe7 Nxe7 19. cxd5 Nxd5 20. Nd6 Ba8 21.
e4 Nf6 22. Rc7 Rfd8 23. e5 Bxg2 24. Kxg2 Nd5 25. Ra7 f6 26. Re1 a5 27. Nc4 f5
28. Nd6 Nb4 29. Rc1 Nd5 30. Rc6 Ra8 31. Nb7 Ne3+ 32. Kf3 Ng4 33. Nxd8 Rxa7 34.
Rxe6 h6 35. h3 Rd7 36. Re8+ 1-0

[Event "Thüringenliga 2014/2015"]
[Site "?"]
[Date "2014.11.23"]
[Round "4"]
[White "Puschendorf, Steffen"]
[Black "Kalisch, Michael"]
[Result "1/2-1/2"]
[WhiteElo "2061"]
[BlackElo "1969"]
[PlyCount "30"]
[EventDate "2014.??.??"]
[WhiteTeam "ESV Gera"]
[BlackTeam "ESV Lok Sömmerda"]

1. d4 d5 2. c4 e6 3. Nf3 Nf6 4. g3 dxc4 5. Bg2 a6 6. O-O Nc6 7. Nc3 Rb8 8. e4
Be7 9. d5 exd5 10. exd5 Nb4 11. Ne5 Bf5 12. Qa4+ Bd7 13. Qd1 Bf5 14. Qa4+ Bd7
15. Qd1 Bf5 1/2-1/2

[Event "Thüringenliga 2014/2015"]
[Site "?"]
[Date "2014.11.23"]
[Round "4"]
[White "Wanzek, Daniel"]
[Black "Gläßl, Matthias"]
[Result "0-1"]
[WhiteElo "2047"]
[BlackElo "2021"]
[PlyCount "66"]
[EventDate "2014.??.??"]
[WhiteTeam "ESV Lok Sömmerda"]
[BlackTeam "ESV Gera"]

1. e4 c5 2. Nc3 a6 3. g3 b5 4. Bg2 Bb7 5. f4 e6 6. d3 Nf6 7. Nf3 d6 8. O-O Be7
9. f5 exf5 10. Nh4 b4 11. Nb1 fxe4 12. Nf5 O-O 13. dxe4 Nc6 14. Bg5 Ne5 15. Nd2
Bc8 16. Qe2 Ra7 17. Nc4 Bxf5 18. Rxf5 Nfd7 19. h4 Bxg5 20. hxg5 Nxc4 21. Qxc4
Ne5 22. Qe2 f6 23. Raf1 a5 24. Bh3 Raf7 25. R5f2 Qe7 26. Qa6 g6 27. gxf6 Rxf6
28. Qxa5 Nf3+ 29. Kg2 Ng5 30. Rxf6 Rxf6 31. Qa8+ Kg7 32. Rxf6 Qxf6 33. Qb7+ Kh6
{ZÜ} 0-1

[Event "Thüringenliga 2014/2015"]
[Site "?"]
[Date "2014.11.23"]
[Round "4"]
[White "Schmidt, Frank"]
[Black "Kühn, Martin"]
[Result "1-0"]
[WhiteElo "1937"]
[BlackElo "1917"]
[PlyCount "51"]
[EventDate "2014.??.??"]
[WhiteTeam "ESV Gera"]
[BlackTeam "ESV Lok Sömmerda"]

1. d4 d5 2. Nf3 Nc6 3. e3 Bg4 4. Bb5 Nf6 5. Nbd2 e6 6. c4 dxc4 7. Qa4 Qd5 8.
O-O Bd6 9. Re1 Bxf3 10. Nxf3 Ne4 11. Bxc4 Qh5 12. Bd3 f5 13. Qb5 Bb4 14. Bxe4
Bxe1 15. Bxc6+ bxc6 16. Qxc6+ Kf7 17. Nxe1 Qe2 18. Qc3 Rhc8 19. Nf3 c5 20. Qd3
Qxd3 21. Ne5+ Kf6 22. Nxd3 cxd4 23. exd4 g5 24. Bd2 f4 25. Bc3 Kf5 26. Re1 1-0

[Event "Thüringenliga 2014/2015"]
[Site "?"]
[Date "2014.11.23"]
[Round "4"]
[White "Siegemund, Joachim"]
[Black "Hilbig, Dieter"]
[Result "1/2-1/2"]
[WhiteElo "1983"]
[BlackElo "1898"]
[PlyCount "48"]
[EventDate "2014.??.??"]
[WhiteTeam "ESV Lok Sömmerda"]
[BlackTeam "ESV Gera"]

1. c4 Nf6 2. d4 e6 3. Nc3 d5 4. Bg5 Be7 5. e3 c6 6. Nf3 Nbd7 7. Rc1 O-O 8. Bd3
dxc4 9. Bxc4 b5 10. Bd3 Bb7 11. Bxf6 Nxf6 12. O-O Rc8 13. Bb1 a6 14. Ne4 Nxe4
15. Bxe4 Ba8 16. Qe2 Qb6 17. Ne5 Rc7 18. Nd3 c5 19. dxc5 Bxc5 20. Bxa8 Rxa8 21.
Rc2 Rac8 22. Rfc1 Bd6 23. Ne1 a5 24. Nf3 a4 1/2-1/2

[Event "Thüringenliga 2014/2015"]
[Site "?"]
[Date "2014.11.23"]
[Round "4"]
[White "Steinmüller, Johannes"]
[Black "Koksch, Robert"]
[Result "1-0"]
[WhiteElo "1715"]
[BlackElo "1941"]
[PlyCount "97"]
[EventDate "2014.??.??"]
[WhiteTeam "ESV Gera"]
[BlackTeam "ESV Lok Sömmerda"]

1. e4 c6 2. d4 d5 3. Nc3 dxe4 4. Nxe4 Nd7 5. Nf3 Ngf6 6. Nxf6+ Nxf6 7. Bc4 e6
8. O-O Qc7 9. Re1 Be7 10. Bg5 Nd5 11. Bxe7 Qxe7 12. c3 O-O 13. Qb3 Qf6 14. Bxd5
exd5 15. Qb4 Qd8 16. Re3 b6 17. Qe7 Be6 18. Qxd8 Raxd8 19. Ng5 Bd7 20. Rae1 h6
21. Nf3 f6 22. b4 Rc8 23. Nd2 Rf7 24. Re7 Kf8 25. Rxf7+ Kxf7 26. Nb3 Bf5 27. f3
g5 28. Kf2 h5 29. Ke2 Rg8 30. Kd2 g4 31. f4 Be4 32. g3 h4 33. gxh4 g3 34. hxg3
Rxg3 35. Re3 Rg4 36. Ke2 Rxh4 37. Nd2 Rxf4 38. Rh3 Rg4 39. Ke3 Bg6 40. Nf3 Re4+
41. Kd2 Re8 42. Rh2 Be4 43. Ng1 Kg6 44. Ne2 f5 45. a3 Bf3 46. Nc1 a5 47. Nd3
Kg5 48. Ne5 Kf4 49. Rf2 1-0

[Event "Thüringenliga 2014/2015"]
[Site "?"]
[Date "2014.11.23"]
[Round "4"]
[White "Kirste, Olaf"]
[Black "Küffner, Rolf"]
[Result "1/2-1/2"]
[WhiteElo "1889"]
[BlackElo "1805"]
[PlyCount "100"]
[EventDate "2014.??.??"]
[WhiteTeam "ESV Lok Sömmerda"]
[BlackTeam "ESV Gera"]

1. c4 e5 2. Nc3 Nf6 3. Nf3 Nc6 4. e3 b6 5. d4 exd4 6. exd4 Bb4 7. Bg5 O-O 8.
Be2 h6 9. Bh4 g5 10. Bg3 Ne4 11. Qd3 d5 12. O-O Bf5 13. Qe3 Re8 14. Ne5 Nxe5
15. Nxe4 Bxe4 16. dxe5 Bc5 17. Qb3 Bd4 18. Bh5 c5 19. Kh1 dxc4 20. Qxc4 Qd5 21.
Qxd5 Bxd5 22. f4 Bxb2 23. Rad1 Bd4 24. fxg5 Bxa2 25. gxh6 Be6 26. Bf3 Rac8 27.
Be4 f5 28. exf6 Bf7 29. Bb1 Rc6 30. Bh4 Re2 31. Rf5 Kh8 32. h3 Rd6 33. Rdf1 Re5
34. Bg3 Rxf5 35. Rxf5 Rxf6 36. Rxf6 Bxf6 37. Bb8 a5 38. g4 a4 39. g5 a3 40.
gxf6 a2 41. Bxa2 Bxa2 42. Ba7 Bd5+ 43. Kh2 Kh7 44. Bxb6 Kg6 45. h7 Kxh7 46.
Bxc5 Kg6 47. Bd4 Kf7 48. Kg3 Be4 49. Kf4 Bb1 50. Kg5 Bc2 1/2-1/2

[Event "Thüringenliga 2014/2015"]
[Site "?"]
[Date "2014.11.23"]
[Round "4"]
[White "Kupper, Matthias"]
[Black "Severino, Leonardo"]
[Result "1-0"]
[WhiteElo "1738"]
[BlackElo "1719"]
[PlyCount "51"]
[EventDate "2014.??.??"]
[WhiteTeam "ESV Gera"]
[BlackTeam "ESV Lok Sömmerda"]

1. e4 e6 2. d4 d5 3. Nd2 Nf6 4. e5 Nfd7 5. f4 c5 6. c3 Nc6 7. Ne2 Be7 8. Nf3
O-O 9. g3 cxd4 10. cxd4 a6 11. Bg2 b5 12. h4 Qb6 13. Bd2 f6 14. Rc1 fxe5 15.
Rxc6 Qxc6 16. fxe5 Rd8 17. Bg5 Bb4+ 18. Kf2 Rf8 19. Qb1 Rf7 20. Nf4 h6 21. Bxh6
gxh6 22. Qg6+ Rg7 23. Qe8+ Kh7 24. Ng5+ Rxg5 25. hxg5 Qc2+ 26. Kg1 1-0

[Event "Thüringenliga 2014/2015"]
[Site "?"]
[Date "2014.11.23"]
[Round "4"]
[White "Mehlhorn, Uwe"]
[Black "Schneider, Christian"]
[Result "1/2-1/2"]
[WhiteElo "2097"]
[BlackElo "2198"]
[PlyCount "96"]
[EventDate "2014.??.??"]

1. d4 Nf6 2. Nf3 e6 3. g3 b6 4. Bg2 Bb7 5. O-O Be7 6. c4 O-O 7. Nc3 Ne4 8. Nxe4
Bxe4 9. b3 f5 10. Bb2 Bf6 11. Qd2 a5 12. a3 Qe7 13. b4 axb4 14. axb4 Nc6 15.
Bc3 b5 16. c5 d6 17. e3 dxc5 18. bxc5 Qd7 19. Rfd1 Qd5 20. Ne1 Bxg2 21. Nxg2 e5
22. Rab1 Ra2 23. Qe1 exd4 24. exd4 b4 25. Bb2 Rxb2 26. Rxb2 Nxd4 27. Kh1 b3 28.
Qb4 Re8 29. Rbd2 Rd8 30. Rd3 f4 31. gxf4 Qh5 32. Ne1 Qe2 33. Ng2 b2 34. R3d2
Qh5 35. Qxb2 Qxc5 36. Qa2+ Kf8 37. Qb1 Qh5 38. Ne1 c5 39. Qe4 Re8 40. Qg2 Qf5
41. Nd3 h5 42. h3 Kg8 43. Ra2 c4 44. Ne5 Bxe5 45. fxe5 Qxe5 46. Rad2 c3 47.
Rxd4 c2 48. Qd5+ Qxd5+ 1/2-1/2

[Event "Thüringenliga 2014/2015"]
[Site "?"]
[Date "2014.11.23"]
[Round "4"]
[White "Siebarth, Marco"]
[Black "Töpfer, Albrecht"]
[Result "1/2-1/2"]
[WhiteElo "1976"]
[BlackElo "1984"]
[PlyCount "127"]
[EventDate "2014.??.??"]

1. f4 c5 2. Nf3 g6 3. Nc3 Bg7 4. g3 Nc6 5. Bg2 d5 6. d3 Nf6 7. O-O O-O 8. e4
dxe4 9. dxe4 Qb6 10. e5 c4+ 11. Kh1 Ng4 12. Qe2 h5 13. h3 Nh6 14. Qxc4 Nf5 15.
Kh2 Be6 16. Qe2 Rfd8 17. b3 Qb4 18. Bb2 h4 19. Nxh4 Ncd4 20. Qf2 Nxh4 21. gxh4
Rac8 22. a3 Qa5 23. b4 Qb6 24. Be4 Nf5 25. Qxb6 axb6 26. Rad1 Bh6 27. Rxd8+
Rxd8 28. Bc1 Rd4 29. Bd3 Bc4 30. Be2 Nxh4 31. Rf2 Nf5 32. Bg4 Be6 33. Na4 Ng7
34. Nxb6 Bxg4 35. hxg4 Rd1 36. Be3 Re1 37. Nc4 Ne6 38. Bd2 Rd1 39. f5 Ng5 40.
Bxg5 Bxg5 41. fxg6 fxg6 42. b5 Rb1 43. b6 Rb5 44. Re2 e6 45. a4 Rb4 46. Re4
Rxa4 47. Kg3 Bd8 48. Nd6 Ra3+ 49. Kg2 Bxb6 50. Nxb7 Rc3 51. Re2 Kf8 52. Nd6 Ke7
53. Ne4 Rc4 54. Nf6 Bc7 55. g5 Rc5 56. Ng4 Rc3 57. Nf2 Kf7 58. Nd3 Bd8 59. Kf3
Bxg5 60. Ke4 Rc4+ 61. Kf3 Be7 62. Nf2 g5 63. Ne4 Kg6 64. Ng3 1/2-1/2

[Event "Thüringenliga 2014/2015"]
[Site "?"]
[Date "2014.11.23"]
[Round "4"]
[White "Rempel, Patrick"]
[Black "Berner, Stephan"]
[Result "1-0"]
[WhiteElo "2020"]
[BlackElo "1870"]
[PlyCount "89"]
[EventDate "2014.??.??"]

1. e4 g6 2. d4 Bg7 3. c4 d6 4. Nc3 Nf6 5. f3 O-O 6. Be3 c6 7. Qd2 Na6 8. Nge2
e5 9. d5 c5 10. Bg5 Nc7 11. g4 Qe8 12. Ng3 Rb8 13. h4 Nd7 14. h5 f6 15. Bh6 Qf7
16. hxg6 hxg6 17. Be3 Nb6 18. Qh2 Qe7 19. Qh7+ Kf7 20. Rh6 Rh8 21. Qxg6+ Kf8
22. Rxh8+ Bxh8 23. Bh6+ Bg7 24. Nh5 Bxh6 25. Qxh6+ Kf7 26. Qg7+ Ke8 27. Nxf6+
Kd8 28. Qg8+ Ne8 29. Qxe8+ Qxe8 30. Nxe8 Kxe8 31. Be2 Bd7 32. Kf2 Ke7 33. Rh1
Rg8 34. b3 Kf6 35. a4 a5 36. Kg3 Kg6 37. f4 exf4+ 38. Kxf4 Nc8 39. Bd3 Rf8+ 40.
Kg3 Kg5 41. Rh5+ Kf6 42. e5+ dxe5 43. Ne4+ Ke7 44. Rxe5+ Kd8 45. Nxc5 1-0

[Event "Thüringenliga 2014/2015"]
[Site "?"]
[Date "2014.11.23"]
[Round "4"]
[White "Kinzel, Tiffany"]
[Black "Sukaylo, Aleksey"]
[Result "0-1"]
[WhiteElo "1832"]
[BlackElo "1937"]
[PlyCount "48"]
[EventDate "2014.??.??"]

1. d4 Nf6 2. e3 d5 3. Bd3 e6 4. Nd2 Nbd7 5. f4 b6 6. Ngf3 Bb7 7. O-O Bd6 8. Ne5
Rc8 9. Qf3 c5 10. c3 O-O 11. g4 Be7 12. g5 Nxe5 13. fxe5 Nd7 14. h4 Bxg5 15.
hxg5 Qxg5+ 16. Kf2 f6 17. Qh3 fxe5+ 18. Ke2 e4 19. Nxe4 dxe4 20. Qxe6+ Kh8 21.
Rxf8+ Nxf8 22. Qh3 exd3+ 23. Kxd3 c4+ 24. Ke2 Qg2+ 0-1

[Event "Thüringenliga 2014/2015"]
[Site "?"]
[Date "2014.11.23"]
[Round "4"]
[White "Falk, Kristoffer"]
[Black "Schröter, Maik"]
[Result "1-0"]
[WhiteElo "1826"]
[BlackElo "1801"]
[PlyCount "123"]
[EventDate "2014.??.??"]

1. d4 Nf6 2. Nf3 e6 3. g3 b6 4. c4 Bb7 5. Bg2 Bb4+ 6. Bd2 Bxd2+ 7. Qxd2 d6 8.
O-O O-O 9. Nc3 Nbd7 10. Qc2 g6 11. Rfd1 Qe7 12. Rac1 a6 13. Rd2 Rab8 14. e4 e5
15. Nd5 Nxd5 16. cxd5 f6 17. dxe5 fxe5 18. Ne1 Rbc8 19. Qd1 a5 20. a3 Nf6 21.
Qa4 Qe8 22. Qxe8 Nxe8 23. Bh3 Rb8 24. Bd7 Nf6 25. Be6+ Kh8 26. f3 Ne8 27. Kf2
Bc8 28. Bxc8 Rxc8 29. Ke3 Kg7 30. Nd3 Rf7 31. Rc6 Rd8 32. Rdc2 Rdd7 33. b4 axb4
34. Nxb4 g5 35. Nd3 Rde7 36. Ne1 Nf6 37. Ng2 h6 38. R6c4 Kg6 39. Ke2 Nh5 40.
Ne3 Ng7 41. g4 Kf6 42. Kd3 Kg6 43. Nf5 Nxf5 44. exf5+ Kf6 45. Re4 h5 46. h3 Rh7
47. Ree2 hxg4 48. hxg4 Rh3 49. Ke4 Rh8 50. Rh2 Rh4 51. Rxh4 gxh4 52. g5+ Kxg5
53. Rg2+ Kf6 54. Rg6+ Kf7 55. Rh6 Kg8 56. Rxh4 Rh7 57. Rxh7 Kxh7 58. f4 exf4
59. Kxf4 Kh6 60. Kg4 b5 61. Kh4 Kg7 62. Kg5 1-0

[Event "Thüringenliga 2014/2015"]
[Site "?"]
[Date "2014.11.23"]
[Round "4"]
[White "Werner, Justus"]
[Black "Leuner, Klaus"]
[Result "1/2-1/2"]
[WhiteElo "1817"]
[BlackElo "1882"]
[PlyCount "30"]
[EventDate "2014.??.??"]

1. c4 c6 2. d4 d5 3. Nf3 Nf6 4. g3 Bf5 5. Bg2 e6 6. O-O Nbd7 7. b3 Be7 8. Nc3
O-O 9. Bb2 h6 10. Nd2 Re8 11. e4 dxe4 12. Ndxe4 Nxe4 13. Nxe4 Nf6 14. Re1 Nxe4
15. Bxe4 Bxe4 1/2-1/2

[Event "Thüringenliga 2014/2015"]
[Site "?"]
[Date "2014.11.23"]
[Round "4"]
[White "Schenk, Stefan"]
[Black "Schmidt, Daniel"]
[Result "1-0"]
[WhiteElo "1830"]
[BlackElo "1795"]
[PlyCount "131"]
[EventDate "2014.??.??"]

1. e4 c5 2. c3 Nf6 3. e5 Nd5 4. d4 cxd4 5. Nf3 Nc6 6. cxd4 e6 7. a3 Be7 8. Bd3
Nb6 9. O-O d5 10. Bc2 Bd7 11. Qd3 Rc8 12. Nc3 a6 13. Ne1 Qc7 14. Kh1 Na5 15.
Qg3 g6 16. Bg5 Bf8 17. Bf6 Rg8 18. Qh4 h6 19. Rc1 Nac4 20. Ne2 Qb8 21. Qg4 Nxb2
22. Nf4 Bxa3 23. Ra1 Bf8 24. Bxg6 fxg6 25. Nxg6 h5 26. Qxh5 Ba4 27. Nf4+ Kd7
28. Qf7+ Kc6 29. Qxg8 Kb5 30. Qxe6 Rc6 31. Qh3 Bb4 32. Qf3 Rc3 33. Ned3 Nxd3
34. Nxd3 Bc2 35. Rfd1 Bxd1 36. Qxd1 a5 37. Nxb4 axb4 38. Rb1 Qc8 39. Qe2+ Qc4
40. Qxc4+ Rxc4 41. e6 Rc8 42. h4 Nc4 43. Bg5 Re8 44. e7 Nd6 45. Bd2 Rxe7 46.
Bxb4 Kc6 47. Bxd6 Kxd6 48. Rb6+ Kc7 49. Rb4 Kc6 50. g3 b5 51. Kg2 Kb6 52. f4
Ka5 53. Rb1 b4 54. f5 Ka4 55. f6 Rf7 56. Rf1 b3 57. g4 Kb5 58. g5 Kc4 59. Rd1
b2 60. Kf3 Rb7 61. g6 Rb3+ 62. Ke2 b1=Q 63. Rxb1 Rxb1 64. g7 Rg1 65. f7 Rxg7
66. f8=Q 1-0

[Event "Thüringenliga 2014/2015"]
[Site "?"]
[Date "2014.11.23"]
[Round "4"]
[White "Steinacker, Alex"]
[Black "Wegerich, Michael"]
[Result "1-0"]
[WhiteElo "2152"]
[BlackElo "1959"]
[PlyCount "91"]
[EventDate "2014.??.??"]
[WhiteTeam "Erfurter Schachklub"]
[BlackTeam "SV Ammern"]

1. Nf3 Nf6 2. g3 d5 3. Bg2 Bg4 4. O-O Nbd7 5. d3 e6 6. Nbd2 Be7 7. e4 dxe4 8.
dxe4 Ne5 9. Qe2 c6 10. b3 Bb4 11. Rd1 Qa5 12. Nc4 Nxc4 13. Qxc4 Qc5 14. Rd4
Qxc4 15. Rxc4 Bxf3 16. Bxf3 Be7 17. e5 Nd7 18. Bb2 O-O 19. a4 Rfd8 20. Bc3 Nb6
21. Re4 Nd5 22. Ba5 Nb6 23. Be1 Nd5 24. b4 Rac8 25. Rb1 b5 26. c4 bxc4 27. Rxc4
c5 28. bxc5 Rxc5 29. Rd4 Rdc8 30. Rbd1 Nc3 31. R1d3 g6 32. Kg2 R8c7 33. Bd2 Kg7
34. h4 a5 35. h5 h6 36. hxg6 fxg6 37. Bg4 Kf7 38. Rf3+ Kg7 39. Bxe6 Bg5 40. Be1
Ne2 41. Rd5 Rc1 42. Bxa5 Rg1+ 43. Kh2 Re7 44. Bd7 Rf7 45. Rxf7+ Kxf7 46. e6+
1-0

[Event "Thüringenliga 2014/2015"]
[Site "?"]
[Date "2014.11.23"]
[Round "4"]
[White "Schorch, Rüdiger"]
[Black "Duzy, Stefan"]
[Result "0-1"]
[WhiteElo "1882"]
[BlackElo "1923"]
[PlyCount "80"]
[EventDate "2014.??.??"]
[WhiteTeam "SV Ammern"]
[BlackTeam "Erfurter Schachklub"]

1. c4 Nf6 2. Nc3 c5 3. Nf3 Nc6 4. g3 d5 5. cxd5 Nxd5 6. Bg2 Nc7 7. O-O e5 8. d3
Be7 9. Nd2 Bd7 10. Nc4 f6 11. f4 b5 12. Ne3 exf4 13. Rxf4 b4 14. Ncd5 Ne6 15.
Rf2 Ned4 16. Nc4 O-O 17. Bf4 Ne6 18. Nxe7+ Nxe7 19. Bxa8 Nxf4 20. Rxf4 Qxa8 21.
Re4 Ng6 22. Qb3 Kh8 23. Nd6 h6 24. Rc1 Bh3 25. Rxc5 f5 26. Qe6 fxe4 27. Qxh3
exd3 28. exd3 Qf3 29. Rf5 Qe3+ 30. Kg2 Qd2+ 31. Kg1 Qe3+ 32. Kg2 Qxd3 33. Rxf8+
Nxf8 34. Nc8 Qe2+ 35. Kg1 Qxb2 36. Qf5 Qa1+ 37. Kg2 Qxa2+ 38. Kh3 Qe6 39. Qxe6
Nxe6 40. Nxa7 Nd4 0-1